000 00726nam a2200289Ia 4500
005 20260324113017.0
008 008 260324s9999 xx 000 0 eng d
020 _a9781003359302
037 _aEBOOK
040 _aCRL
040 _beng
040 _cCRL
041 _2eng
041 _aeng
084 _qCRL
100 _aC. Anandharamakrishnan; V. R. Sinija; R. Mahendran
_91145061
245 0 _aNon-Thermal Technologies for the Food Industry
245 0 _bAdvances and Regulations
260 _bTaylor and Francis
260 _c2024
365 _a
365 _b355
856 _uhttp://www.taylorfrancis.com/books/9781003359302
942 _cEBOOK
999 _c1734480
_d1734480